Linear Park: Finding Opportunities For Recreational UrbanLandscape Along The Streets (Record no. 362073)
[ view plain ]
| 000 -LEADER | |
|---|---|
| fixed length control field | 00327nam a2200097Ia 4500 |
| 008 - FIXED-LENGTH DATA ELEMENTS--GENERAL INFORMATION | |
| fixed length control field | 241105s9999 xx 000 0 und d |
| 041 ## - LANGUAGE CODE | |
| Language code of text/sound track or separate title | eng |
| 100 ## - MAIN ENTRY--PERSONAL NAME | |
| Personal name | Barmade Awanti |
| 9 (RLIN) | 181643 |
| 245 ## - TITLE STATEMENT | |
| Title | Linear Park: Finding Opportunities For Recreational UrbanLandscape Along The Streets |
| 260 ## - PUBLICATION, DISTRIBUTION, ETC. (IMPRINT) | |
| Name of publisher, distributor, etc. | BNCA-M Arch Landscape Architecture |
| Place of publication, distribution, etc. | Pune |
No items available.